| 000 | 00793nam a22002177a 4500 | ||
|---|---|---|---|
| 999 |
_c102407 _d102407 |
||
| 005 | 20181218111359.0 | ||
| 010 | _a1617EN | ||
| 020 |
_c499.00 _a9789386070807 |
||
| 035 | _aB-650323-332 | ||
| 037 |
_bBSB _adpl |
||
| 082 | _a346.07 | ||
| 100 | _aGulshan, S.S. | ||
| 245 |
_aBusiness law including company law / _cby S.S.Gulshan [and] G.K. Kapoor |
||
| 250 | _a18th ed | ||
| 260 |
_aKolkata _bNew Age International _c2017 |
||
| 270 |
_aNew Age International (P) Ltd ,7/30,Darya ganj _bNew Delhi _e110002 |
||
| 300 |
_axiv,763p. : _c24cm(pbk) |
||
| 700 | _a Kapoor, G.K. | ||
| 942 |
_2ddc _cEN _h346.07 _mGUL |
||